000 01267nam0a22002651 4500
001 rc\4030331
005 20260407020815.0
021 _aRU
_b[48-28313]
035 _a(NLR Aleph) 008091794
090 _a9188379
_c9188379
100 _a20130415d1948 |||y0rusy50 ca
101 0 _arus
102 _aRU
105 _ay z |||||
200 1 _aУнифицированные нормы времени на слесарные, строгальные, долбежные и фрезерные работы
_fЦентр. науч.-исслед. ин-т механизации и организации труда в нефт. пром-сти "ЦИМТНефть". Нормативно-исслед. группа объединения "Краснодарнефть"
210 _a[Краснодар]
_cАдыг. обл. тип. в Майкопе
_d[1948]
215 _a16 с.
_d19
606 _aСтаночные работы
_jНормы времени
_2psbo
606 _aМеталлообработка холодная
_jНормы времени
_2psbo
710 0 2 _a"Краснодарнефть", об-ние
_9508746
_3RU\NLR\AUTH\8810005676
801 0 _aRU
_bNLR
_gpsbo
801 1 _aRU
_bELAR
_2rusmarc
852 _aNLR
_jТ36 Г-4/883
942 _cBOOK
980 _aNB